000 00534nam a2200181Ia 4500
008 090124s9999 xx 000 0 und d
082 _b122514
100 _aरावजी आशू / कानडे दिनू
245 _a जिवलग
250 _a1
260 _c1988
300 _a210
600 _aरावजी आशू / कानडे दिनू
630 _a जिवलग
700 _aरावजी आशू / कानडे दिनू
730 _a जिवलग
942 _cBOOK
999 _c168600
_d168600